000 00839nam a22002417a 4500
999 _c19243
_d19243
003 AR-CdUCM
008 190517b ||||| |||| 00| 0 spa d
040 _aMUNICIPALIDAD PROVINCIAL DEL CUSCO
_cBIBLIOTECA MUNICIPAL DEL CUSCO
041 _heng
082 _a628 /
_bP78
100 _aPopkin, Roy
_940467
245 _aDesalación :
_bagua para el futuro /
260 _aMéxico, D.F. :
_bLetras,
_c1971.
300 _a219 páginas ;
_c22 cm.
505 _aContenido: Desalación: estado actual -- Para el hombre, el habitante -- El agua y los alimentos -- La desalación y el desarrollo industrial ...
650 _aDesalación del agua
_940468
650 _aDesarrollo industrial
_96981
650 _aHombre
_9838
650 _aFuturo
_922111
700 _aAngulo, Pilar
_940469
942 _2ddc
_cLIBROS
945 _aacv
_d2019-05-17